Estadísticas para Líderes de la Unión Europea (2016)

Haz click aquí para intentar la prueba.

Estadísticas generales

  • Esta prueba ha sido intentada 51 veces
  • La puntuación promedio es 15 de 28

Estadísticas de respuestas

líderpaís% Correcto
Emmanuel MacronFrancia
98%
Angela MerkelAlemania
95%
Pedro SánchezEspaña
95%
Giuseppe ConteItalia
95%
Boris JohnsonReino Unido
93%
António CostaPortugal
88%
Kyriakos MitsotakisGrecia
78%
Viktor OrbánHungría
68%
Mette FrederiksenDinamarca
66%
Mateusz MorawieckiPolonia
66%
Nicos AnastasiadesChipre
63%
Charles MichelBélgica
49%
Mark RuttePaíses Bajos
49%
Andrej PlenkovićCroacia
46%
Xavier BettelLuxemburgo
46%
Stefan LöfvenSuecia
46%
Boyko BorisovBulgaria
41%
Krišjānis KariņšLetonia
41%
Marjan ŠarecEslovenia
39%
Gitanas NausėdaLituania
37%
Jüri RatasEstonia
34%
Brigitte BierleinAustria
32%
Andrej BabišChequia
32%
Antti RinneFinlandia
29%
Joseph MuscatMalta
29%
Leo VaradkarIrlanda
27%
Peter PellegriniEslovaquia
24%
Klaus IohannisRumania
24%

Distribución de puntuación

Porcentaje por número respondido

Porcentaje de gente con cada puntuación

Historial de tus puntuaciones

No has intentado esta prueba.